Rozpoznaj filmy lat 80-tych po obrazie - Statystyki

Ogólne statystyki
  • Ten quiz został rozwiązany 34 razy
  • Średni wynik to 18 z 40
Statystyki odpowiedzi
Obrazkowy Hint Odpowiedź % Poprawnych
1980 Gwiezdne wojny: część V – Imperium kontratakuje
100%
1981 Poszukiwacze zaginionej Arki
88%
1989 Batman
85%
1980 Lśnienie
85%
1984 Karate Kid
82%
1985 Powrót do przyszłości
82%
1985 Rambo II
79%
1984 Terminator
79%
1988 Szklana pułapka
70%
1986 Top Gun
70%
1989 Mała Syrenka
67%
1982 E.T.
64%
1989 Stowarzyszenie Umarłych Poetów
61%
1987 RoboCop
58%
1984 Pogromcy duchów
55%
1980 Popeye
52%
1988 Sok z Żuka
52%
1983 Człowiek z blizną
48%
1980 Czy leci z nami pilot?
48%
1988 Książę w Nowym Jorku
48%
1986 Obcy – decydujące starcie
48%
1982 Gandhi
45%
1982 Łowca androidów
42%
1987 Good Morning, Vietnam
33%
1988 Rain Man
30%
1982 Tron
30%
1986 Krokodyl Dundee
27%
1989 Kiedy Harry poznał Sally
21%
1983 Nieoczekiwana zmiana miejsc
21%
1983 Ośmiorniczka
21%
1985 Goonies
18%
1981 Rydwany ognia
18%
1984 Footloose
15%
1981 Okręt
15%
1985 Klub winowajców
12%
1987 Trzech mężczyzn i dziecko
6%
1986 Wolny dzień Ferrisa Buellera
6%
1981 Nad złotym stawem
3%
1987 Narzeczona dla księcia
3%
1983 Yentl
0%
Nie znaleziono quizów pasujących do podanych kryteriów
Rozkład punktacji
Procent ludzi z każdym wynikiem
Percentyl według liczby udzielonych odpowiedzi
Twoja historia wyników
Nie rozwiązałeś tego quizu